000 00360 a2200169 4500
001 192523
020 _a978-85-16-10212-8
040 _cMagnum
100 _aManceau, Édouard
240 1 0 _aBadabum, o leão
_lpor
245 1 0 _aBadabum, o leão
300 _a18
362 0 _a2001
440 1 _aSalamandra
697 _aLITERATURA INFANTIL
942 _cBK
999 _c192523
_d192523